Library of the University of Algiers 3
Ibrahim Sultan Cheibout
شعار جامعة الجزائر 3
مكتبة جامعة الجزائر 3
إبراهيم سلطان شيبوط

الإقتصاد النقدي وأسواق رأس المال : (رقم التسجيلة. 41245)

تفاصيل مارك
000 -LEADER
fixed length control field 01737nam a2200253Ia 4500
003 - CONTROL NUMBER IDENTIFIER
control field Ost
005 - DATE AND TIME OF LATEST TRANSACTION
control field 20260416102357.0
008 - FIXED-LENGTH DATA ELEMENTS--GENERAL INFORMATION
fixed length control field 260416s9999||||xx |||||||||||||| ||und||
040 ## - CATALOGING SOURCE
Transcribing agency fsecg
041 ## - LANGUAGE CODE
Language code of text/sound track or separate title ara
082 ## - DEWEY DECIMAL CLASSIFICATION NUMBER
Classification number 332
100 ## - MAIN ENTRY--PERSONAL NAME
Personal name العربي، نعيمة
Relator term مؤلف
245 #0 - TITLE STATEMENT
Title الإقتصاد النقدي وأسواق رأس المال :
Remainder of title موجه لطلبة السنة الثانية ليسانس LMD /
Statement of responsibility, etc. نعيمة العربي
260 ## - PUBLICATION, DISTRIBUTION, ETC.
Place of publication, distribution, etc. الجزائر
Name of publisher, distributor, etc. جامعة الجزائر3: كلية العلوم الإقتصادية، العلوم التجارية وعلوم التسيير
Date of publication, distribution, etc. 2021
300 ## - PHYSICAL DESCRIPTION
Extent 173 ورقة
Other physical details ايضاحات
Dimensions 30 سم
504 ## - BIBLIOGRAPHY, ETC. NOTE
Bibliography, etc. note مراجع ص.168
520 ## - SUMMARY, ETC.
Summary, etc. مدخل للاقتصاد الحقيقي و الاقتصاد النقدي ، إطار نظري عام حول النقودالمفهوم الأشكال الوظائف و التطورات ، الانظمة النقدية المختلفة ، النظريات المفسرة للنقود الكتلة النقدية و مقابلاتها ، السياسة النقدية ، الوساطة المالية، أطار نظري عام حول الأسواق المالية ، الأسواق النقدية ، أسواق رأس المال ، الأسواق الآجلة و أسواق العملات ، بورصة الاوراق المالية ، الأسواق المالية الدولية .
653 ## - INDEX TERM--UNCONTROLLED
Uncontrolled term الاسواق المالية
653 ## - INDEX TERM--UNCONTROLLED
Uncontrolled term الاقتصاد
653 ## - INDEX TERM--UNCONTROLLED
Uncontrolled term الاقتصاد النقدي
653 ## - INDEX TERM--UNCONTROLLED
Uncontrolled term النقود
710 ## - ADDED ENTRY--CORPORATE NAME
Corporate name or jurisdiction name as entry element جامعة الجزائر3: كلية العلوم الإقتصادية، العلوم التجارية وعلوم التسيير
Relator term ناشر علمي
942 ## - ADDED ENTRY ELEMENTS (KOHA)
Koha item type مطبوعات
المقتنيات
Withdrawn status Lost status Source of classification or shelving scheme Damaged status Not for loan Home library Current library Date acquired Serial enumeration / chronology Inventory number Total checkouts Full call number Barcode Date last seen Price effective from Koha item type
    Dewey Decimal Classification   NOT LOAN / إعارة داخلية مكتبة كلية العلوم الإقتصادية والعلوم التجارية وعلوم التسيير مكتبة كلية العلوم الإقتصادية والعلوم التجارية وعلوم التسيير 16/04/2026 الطابق الثاني مط.449-1   مط.449 ن1 مط.449-1 16/04/2026 16/04/2026 مطبوعات

موارد الويب المفتوحة


© University of Algiers 3 All Rights Reserved
|
Implemented by LECHELAH Riad